000 00555cam a2200145 4500500
005 20260111092413.0
041 _afre
042 _adc
100 1 0 _aGaveau, Fabien
_eauthor
245 0 0 _aPressions sur les terres. Devenir des agricultures paysannes (Alternatives Sud 17). Louvain-la-Neuve, Éditions Syllepse, 2010, 212 p.
260 _c2011.
500 _a43
786 0 _nÉtudes rurales | 187 | 1 | 2011-01-01 | p. 219a-228a | 0014-2182
856 4 1 _uhttps://shs.cairn.info/revue-etudes-rurales-2011-1-page-219a?lang=fr&redirect-ssocas=7080
999 _c1623503
_d1623503